000 01396nam0a22002771 4500
001 rc\2706389
005 20250529121136.0
035 _a(NLR Aleph) 006834431
090 _a6579381
_c6579381
100 _a20110915d1934 |||y0rusy50 ca
101 0 _arus
102 _aRU
105 _aa z |||||
200 1 _aПроблема субфебрилитета и трудоспособность
_e[Сборник статей]
_e14 рис. в тексте
_fПод ред.: дир. Ин-та доц. Р. М. Гладштейн, руков. Терап. отд. доц. П. А. Бархаша и руков. Хир.отд. проф. И. Г. Руфанова
_gНауч.-иссл. ин-т экспертизы трудоспособности ВЦСПС
210 _aМосква
_aЛенинград
_cГос. мед. изд-во
_d1934
_eМосква
_g16 тип. треста "Полиграфкнига"
215 _aОбл., 106, [2] с.
_cдиагр.
_d23х15 см.
320 _aБиблиогр.: "Литература" (с. 106-07)
702 1 _aБархаш
_bП.А.
_4340
702 1 _aРуфанов
_bИ.Г.
_4340
702 1 _aГладштейн
_bР.М.
_4340
712 0 2 _aНаучно-иссл. ин-т экспертизы трудоспособности (Москва)
801 0 _aRU
_bNLR
_gpsbo
801 1 _aRU
_bELAR
_2rusmarc
852 _aNLR
_j34-4/809
942 _cBOOK
980 _aNB